00654nam a22002177a 4500003001100000005001700011008004100028020001500069040003900084041000800123082001300131100001900144245004700163260004300210650002000253700002000273700003400293942000700327952008700334999001500421LK-CoMWRAF20240103115655.0230909b |||||||| |||| 00| 0 eng d a8125011080 aLK-CoMWRAFdLK-CoMWRAFeLK-CoMWRAF aeng a823bMIS aMistri, A. J.  aKing arthur and his knights of round table aIndia :bOrient longman Limited,c1978 aEnglish Fiction aChoksi, M.eed. aSeth, Nikki Ty-Tomkinseills. cBK 00104070aMAINbMAINd2023-09-09l0o823 MISpRAF998r2023-09-09w2023-09-09yBK c3505d3505